Movie Titles in 5's Quiz Stats

Quiz Updated Dec 5, 2017

Challenge
Share
Tweet
Embed
Score 0/125 Timer 06:00
0 Plays Today
% Correct
Charlie And The Chocolate Factory
96.3%
Charlie And The Chocolate Factory
96.3%
Charlie And The Chocolate Factory
96.3%
Charlie And The Chocolate Factory
96.3%
Charlie And The Chocolate Factory
96.3%
Honey, I Shrunk The Kids
95.2%
Honey, I Shrunk The Kids
95.2%
Honey, I Shrunk The Kids
95.2%
Honey, I Shrunk The Kids
95.2%
Honey, I Shrunk The Kids
95.2%
The Silence Of The Lambs
93.4%
The Silence Of The Lambs
93.4%
The Silence Of The Lambs
93.4%
The Silence Of The Lambs
93.4%
The Silence Of The Lambs
93.4%
Raiders Of The Lost Ark
92.4%
Raiders Of The Lost Ark
92.4%
Raiders Of The Lost Ark
92.4%
Raiders Of The Lost Ark
92.4%
Raiders Of The Lost Ark
92.4%
The Passion Of The Christ
85.2%
The Passion Of The Christ
85.2%
The Passion Of The Christ
85.2%
The Passion Of The Christ
85.2%
The Passion Of The Christ
85.2%
Catch Me If You Can
84.6%
Catch Me If You Can
84.6%
Catch Me If You Can
84.6%
Catch Me If You Can
84.6%
Catch Me If You Can
84.6%
No Country For Old Men
83.7%
No Country For Old Men
83.7%
No Country For Old Men
83.7%
No Country For Old Men
83.7%
No Country For Old Men
83.7%
Fast Times At Ridgemont High
81.1%
Fast Times At Ridgemont High
81.1%
Fast Times At Ridgemont High
81.1%
Fast Times At Ridgemont High
81.1%
Fast Times At Ridgemont High
81.1%
O Brother, Where Art Thou?
80.6%
O Brother, Where Art Thou?
80.6%
% Correct
O Brother, Where Art Thou?
80.6%
O Brother, Where Art Thou?
80.6%
O Brother, Where Art Thou?
80.6%
Robin Hood: Prince Of Thieves
79.8%
Robin Hood: Prince Of Thieves
79.8%
Robin Hood: Prince Of Thieves
79.8%
Robin Hood: Prince Of Thieves
79.8%
Robin Hood: Prince Of Thieves
79.8%
The Exorcism Of Emily Rose
78.6%
The Exorcism Of Emily Rose
78.6%
The Exorcism Of Emily Rose
78.6%
The Exorcism Of Emily Rose
78.6%
The Exorcism Of Emily Rose
78.6%
A League Of Their Own
77.6%
A League Of Their Own
77.6%
A League Of Their Own
77.6%
A League Of Their Own
77.6%
A League Of Their Own
77.6%
Fun With Dick And Jane
73.5%
Fun With Dick And Jane
73.5%
Fun With Dick And Jane
73.5%
Fun With Dick And Jane
73.5%
Fun With Dick And Jane
73.5%
A Night At The Roxbury
71.2%
A Night At The Roxbury
71.2%
A Night At The Roxbury
71.2%
A Night At The Roxbury
71.2%
A Night At The Roxbury
71.2%
Who's Afraid Of Virginia Woolf?
70.3%
Who's Afraid Of Virginia Woolf?
70.3%
Who's Afraid Of Virginia Woolf?
70.3%
Who's Afraid Of Virginia Woolf?
70.3%
Who's Afraid Of Virginia Woolf?
70.3%
Mr. Smith Goes To Washington
66%
Mr. Smith Goes To Washington
66%
Mr. Smith Goes To Washington
66%
Mr. Smith Goes To Washington
66%
Mr. Smith Goes To Washington
66%
How To Train Your Dragon
48.4%
How To Train Your Dragon
48.4%
How To Train Your Dragon
48.4%
How To Train Your Dragon
48.4%
% Correct
How To Train Your Dragon
48.4%
For A Few Dollars More
35%
For A Few Dollars More
35%
For A Few Dollars More
35%
For A Few Dollars More
35%
For A Few Dollars More
35%
Let The Right One In
27.2%
Let The Right One In
27.2%
Let The Right One In
27.2%
Let The Right One In
27.2%
Let The Right One In
27.2%
How To Rob A Bank
25.7%
How To Rob A Bank
25.7%
How To Rob A Bank
25.7%
How To Rob A Bank
25.7%
How To Rob A Bank
25.7%
The Man Who Wasn't There
25.2%
The Man Who Wasn't There
25.2%
The Man Who Wasn't There
25.2%
The Man Who Wasn't There
25.2%
The Man Who Wasn't There
25.2%
In The Mood For Love
24.2%
In The Mood For Love
24.2%
In The Mood For Love
24.2%
In The Mood For Love
24.2%
In The Mood For Love
24.2%
The Night Of The Hunter
18.3%
The Night Of The Hunter
18.3%
The Night Of The Hunter
18.3%
The Night Of The Hunter
18.3%
The Night Of The Hunter
18.3%
To Have And Have Not
17.8%
To Have And Have Not
17.8%
To Have And Have Not
17.8%
To Have And Have Not
17.8%
To Have And Have Not
17.8%
The Secret In Their Eyes
12.3%
The Secret In Their Eyes
12.3%
The Secret In Their Eyes
12.3%
The Secret In Their Eyes
12.3%
The Secret In Their Eyes
12.3%

You're not logged in!

Compare scores with friends on all Sporcle quizzes.
Sign Up with Email
OR
Log In

You Might Also Like...

Show Comments

Extras

Top Quizzes Today


Score Distribution

Your Account Isn't Verified!

In order to create a playlist on Sporcle, you need to verify the email address you used during registration. Go to your Sporcle Settings to finish the process.